La antropometría y los ejercicios escolares (Record no. 118769)

MARC details
000 -LEADER
campo de control de longitud fija 00865nam a2200241 i 4500
001 - NÚMERO DE CONTROL
campo de control 118769
003 - IDENTIFICADOR DE NÚMERO DE CONTROL
campo de control ES-MaACL
005 - FECHA Y HORA DE LA ÚLTIMA TRANSACCIÓN
campo de control 20260129171829.0
007 - CAMPO FIJO DE DESCRIPCIÓN FÍSICA--INFORMACIÓN GENERAL
campo de control de longitud fija t|
008 - DATOS DE LONGITUD FIJA--INFORMACIÓN GENERAL
campo de control de longitud fija 070214s1934 sp r ||||1| spa d
100 1# - ENTRADA PRINCIPAL--NOMBRE DE PERSONA
Nombre de persona Petre-Lazar, C.
9 (RLIN) 91534
245 13 - MENCIÓN DEL TÍTULO
Título La antropometría y los ejercicios escolares
Resto del título : contribución al estudio de la educación física /
Mención de responsabilidad, etc. C. Petre-Lazar ; Prefacio de Eugenio Pittard ; traducción de M. Medina Bravo.
260 ## - PUBLICACIÓN, DISTRIBUCIÓN, ETC.
Lugar de publicación, distribución, etc. Madrid :
Nombre del editor, distribuidor, etc. Espasa-Calpe,
Fecha de publicación, distribución, etc. 1934.
300 ## - DESCRIPCIÓN FÍSICA
Extensión 128 p. ;
Dimensiones 23 cm.
490 1# - MENCIÓN DE SERIE
Mención de serie Colección de actualidades pedagógicas...
650 #4 - PUNTO DE ACCESO ADICIONAL DE MATERIA--TÉRMINO DE MATERIA
Término de materia o nombre geográfico como elemento de entrada Eduación física.
9 (RLIN) 12071
700 1# - ENTRADA AGREGADA--NOMBRE PERSONAL
Nombre de persona Pittard, Eugène.
9 (RLIN) 92428
700 1# - ENTRADA AGREGADA--NOMBRE PERSONAL
Nombre de persona Medina Bravo, M.
9 (RLIN) 79726
830 0# - PUNTO DE ACCESO ADICIONAL DE SERIE-TÍTULO UNIFORME
Título uniforme Colección de actualidades pedagógicas
9 (RLIN) 233383
852 ## - LOCALIZACIÓN
Ubicación ES-MaACL
Número de control de estantería 1807-F-16
852 ## - LOCALIZACIÓN
Ubicación ES-MaACL
Número de control de estantería 1799-F-2
Holdings
Estatus retirado Estado de pérdida Estado de daño No para préstamo Colección Biblioteca de origen Biblioteca actual Ubicación en estantería Fecha de adquisición Fuente de adquisición Total de préstamos Signatura topográfica completa Código de barras Visto por última vez Precio de reemplazo Tipo de ítem Koha
        Colección de folletos Biblioteca del Ateneo de Madrid Biblioteca del Ateneo de Madrid Depósito folletos 17/01/2008     1799-F-2 1123816 23/02/2023 23/02/2023 Folleto
        Colección de folletos Biblioteca del Ateneo de Madrid Biblioteca del Ateneo de Madrid Depósito folletos 17/01/2008     1807-F-16 1123815 23/02/2023 23/02/2023 Folleto